Calciatori con almeno 100 gol in Serie A - Statistics

Statistiche generali
  • Questo quiz è stato fatto 3.269 volte
    1.651 dall'ultimo reset
  • Il punteggio medio è 33 su 93
Statistiche sulle risposte
Gol Nazione Stagioni in Serie A Calciatore Gol per squadra % Corretto
250 Italia 1992-2017 Francesco Totti Roma 250
95%
188 Italia 1993-2006, 2007-2012 Alessandro Del Piero Juventus 188
91%
201 Italia 2008-2010, 2012-2014, 2016-2024 Ciro Immobile Genoa 5, Torino 27, Lazio 169
88%
209 Italia 2002-2016 Antonio Di Natale Empoli 18, Udinese 191
84%
156 Svezia 2004-2009, 2010-2012, 2020-2023 Zlatan Ibrahimović Juventus 23, Inter 57, Milan 76
83%
205 Italia 1985-2004 Roberto Baggio Fiorentina 39, Fiorentina 78, Milan 12, Bologna 22, Inter 9, Brescia 45
80%
125 Argentina 2013-2018, 2019-2020 Gonzalo Higuain Napoli 71, Juventus 48, Milan 6
79%
183 Argentina 1991-1993, 1994-2003 Gabriel Omar Batistuta Fiorentina 151, Roma 30, Inter 2
75%
129 Argentina 2012-2013, 2014- Paulo Dybala Palermo 16, Juventus 82, Roma 31
75%
182 Italia 1999-2000, 2001-2002, 2005-2023 Fabio Quagliarella Ascoli 2, Sampdoria 102, Udinese 25, Napoli 11, Juventus 23, Torino 18
70%
157 Italia 2000-2003, 2004-2007, 2010-2011, 2012-2016 Luca Toni Vicenza 9, Brescia 15, Palermo 20, Fiorentina 55, Roma 5, Genoa 3, Juventus 2, Verona 48
70%
115 Argentina 2018- Lautaro Martínez Inter 115
69%
156 Italia 1995-2012 Filippo Inzaghi Parma 2, Atalanta 24, Juventus 27, Milan 73
68%
113 Belgio 2013-2022 Dries Mertens Napoli 113
67%
121 Argentina 2012-2019 Mauro Icardi Sampdoria 10, Inter 111
67%
112 Uruguay 2007-2013 Edinson Cavani Palermo 34, Napoli 78
66%
216 Italia 1929-1943, 1946-1947 Giuseppe Meazza Inter 197, Milan 9, Juventus 10
66%
124 Colombia 2013- Duván Zapata Napoli 11, Udinese 18, Sampdoria 11, Atalanta 69, Torino 15
64%
100 Slovacchia 2004-2005, 2007-2019 Marek Hamšík Napoli 100
64%
142 Italia 1991-1997, 1998-2005, 2006-2009 Christian Vieri Torino 1, Atalanta 11, Juventus 8, Lazio 12, Inter 103, Milan 1, Fiorentina 6
63%
122 Italia 2013- Domenico Berardi Sassuolo 122
63%
107 Bosnia 2015-2023 Edin Džeko Roma 85, Inter 22
63%
274 Italia 1929-1943, 1946-1947, 1948-1954 Silvio Piola Pro Vercelli 51, Lazio 143, Juventus 10, Novara 70
62%
123 Francia 2000-2006, 2007-2010 David Trezeguet Juventus 123
61%
127 Ucraina 1999-2006, 2008-2009 Andrij Shevchenko Milan 127
60%
156 Italia 1964-1976 Gigi Riva Cagliari 156
59%
112 Italia 1999-2006, 2007-2016 Antonio Cassano Bari 6, Roma 39, Sampdoria 36, Milan 7, Inter 7, Parma 17
58%
123 Italia 1984-1996 Gianluca Vialli Sampdoria 85, Juventus 38
58%
156 Italia 1981-2000 Roberto Mancini Bologna 9, Sampdoria 132, Lazio 15
58%
114 Italia 2014-2025 Andrea Belotti Palermo 6, Torino 100, Roma 3, Fiorentina 3, Como 3
56%
153 Argentina 1996-2003, 2004-2005, 2006-2012 Hernán Crespo Parma 72, Lazio 39, Inter 27, Milan 10, Genoa 5
56%
101 Macedonia del Nord 2003-2014, 2015-2022 Goran Pandev Ancona 1, Lazio 48, Inter 5, Napoli 19, Genoa 28
55%
103 Colombia 2011-2017, 2019-2024 Luis Muriel Lecce 7, Udinese 15, Sampdoria 21, Fiorentina 6, Atalanta 24
55%
112 Italia 2002-2007, 2008-2019 Sergio Pellissier Chievo 112
54%
225 Svezia 1949-1958 Gunnar Nordahl Milan 210, Roma 15
51%
188 Italia 1999-2014, 2015-2017 Alberto Gilardino Piacenza 3, Verona 5, Parma 50, Milan 26, Fiorentina 52, Genoa 19, Bologna 13, Palermo 10
49%
103 Italia 2002-2005, 2007-2013 Fabrizio Miccoli Perugia 9, Juventus 8, Fiorentina 12, Palermo 74
46%
188 Italia 1991-2004 Giuseppe Signori Foggia 11, Lazio 107, Sampdoria 3, Bologna 67
44%
216 Brasile/Italia 1958-1976 José Altafini Milan 120, Napoli 71, Juventus 25
42%
116 Italia 1960-1977 Sandro Mazzola Inter 116
41%
103 Romania 1999-2003, 2005-2012 Adrian Mutu Verona 16, Parma 18, Juventus 7, Fiorentina 54, Cesena 8
40%
141 Italia 1996-2009 Vincenzo Montella Sampdoria 58, Roma 83
40%
128 Italia 1958-1979 Gianni Rivera Alessandria 6, Milan 122
39%
115 Italia 2004-2016, 2017-2018, 2019-2020 Giampaolo Pazzini Atalanta 3, Fiorentina 25, Sampdoria 36, Inter 16, Milan 21, Verona 14
38%
142 Italia 1994-2004, 2008-2012 Marco Di Vaio Lazio 3, Salernitana 12, Parma 41, Juventus 18, Genoa 3, Bologna 65
38%
147 Argentina/Italia 1957-1969 Omar Sivori Juventus 135, Napoli 12
37%
120 Italia 1997-1998, 1999-2003, 2004-2007, 2008, 2009-2012 Cristiano Lucarelli Atalanta 5, Lecce 27, Torino 10, LIvorno 73, Parma 4, Napoli 1
36%
102 Italia 2002-2013 Tommaso Rocchi Empoli 17, Lazio 82, Inter 3
29%
132 Italia 1977-1989 Alessandro Altobelli Inter 128, Juventus 4
28%
139 Italia 1988-1989, 1992-1993, 1994-2008 Enrico Chiesa Sampdoria 24, Cremonese 14, Parma 33, Fiorentina 34, Lazio 2, Siena 32
28%
102 Germania 1991-1992, 1995-2001, 2002-2003 Oliver Bierhoff Ascoli 2, Udinese 57, Milan 36, Chievo 7
27%
179 Italia 1946-1961 Giampiero Boniperti Juventus 178
26%
130 Italia 1973-1987 Francesco Graziani Torino 97, Fiorentina 14, Roma 12, Udinese 7
23%
163 Italia 1965-1979 Roberto Boninsegna Varese 5, Cagliari 23, Inter 113, Juventus 22
23%
133 Italia 1973-1989 Roberto Pruzzo Genoa 27, Roma 106
22%
142 Italia 1967-1985 Paolo Pulici Torino 134, Udinese 5, Fiorentina 3
18%
129 Italia 1970-1983 Roberto Bettega Juventus 129
18%
113 Italia 1993-1994, 1995-2010 Nicola Amoruso Sampdoria 3, Padova 14, Juventus 9, Perugia 11, Napoli 10, Como 6, Modena 5, Messina 5, Reggina 40, Torino 4, Parma 5, Atalanta 1
16%
117 Argentina 1989-2002 Abel Balbo Udinese 32, Roma 78, Parma 4, Fiorentina 3
15%
110 Italia 1975-1992 Bruno Giordano Lazio 68, Napoli 23, Ascoli 12, Bologna 7
13%
190 Svezia 1956-1971 Kurt Hamrin Juventus 8, Padova 20, Fiorentina 150, Milan 9, Napoli 3
13%
168 Italia 1965-19680 Giuseppe Savoldi Atalanta 17, Bologna 96, Napoli 55
12%
102 Italia 1974-1991 Pietro Paolo Virdis Cagliari 11, Juventus 17, Udinese 12, Milan 54, Lecce 8
11%
153 Francia/Ungheria 1948-1956 István Nyers Inter 133, Roma 20
9%
105 Italia 1967-1981 Pietro Anastasi Varese 11, Juventus 78, Inter 7, Ascoli 9
9%
174 Italia 1936-1943, 1946-1956 Amedeo Amadei Roma 1985, Inter 42, Napoli 47
8%
100 Italia 1966-1978 Pierino Prati Milan 72, Roma 28
8%
142 Italia 1947-1959 Benito Lorenzi Inter 138, Alessandria 4
6%
166 Italia 1934-1943, 1946-1949 Giugliemo Gabetto Juventus 86, Torino 80
6%
110 Italia 1929-1942 Giovanni Ferrari Alessandria 17, Juventus 67, Inter 24, Bologna 2
5%
139 Danimarca 1948-1955 John Hansen Juventus 124, Lazio 15
5%
155 Brasile 1955-1968 Luís Vinício Napoli 69, Bologna 17, Vicenza 68, Inter 1
5%
109 Italia 1929-1938 Angelo Schiavio Bologna 109
4%
106 Italia 1929-1937 Antonio Vojak Napoli 102, Genoa 4
4%
107 Italia 1955-1966 Dino da Costa Roma 71, Fiorentina 7, Atalanta 18, Juventus 11
4%
130 Italia 1955-1969 Ezio Pascutti Bologna 130
4%
131 Italia 1932-1947 Felice Borel Juventus 124, Torino 7
4%
149 Italia 1946-1958 Adriano Bassetto Sampdoria 92, Atalanta 56, Vicenza 1
3%
109 Italia 1936-1943 Aldo Boffi Milan 109
3%
110 Italia 1949-1966 Carlo Galli Palermo 16, Roma 40, Milan 47, Genoa 3, Lazio 4
3%
155 Italia 1929-1943, 1947-1948 Carlo Reguzzoni Pro Patria 14, Bologna 141
3%
120 Italia 1938-1949 Ettore Puricelli Bologna 80, Milan 40
3%
104 Italia 1940-1956 Gino Cappello Milan 29, Bologna 75
3%
124 Italia 1929-1950 Pietro Ferraris Pro Vercelli 20, Napoli 13, INter 43, Torino 28, Novara 20
3%
111 Italia 1946-1957 Riccardo Carapellese Milan 52, Torino 28, Juventus 9, Genoa 22
3%
136 Italia 1952-1965 Sergio Brighenti Inter 20, Triestina 13, Padova 50, Sampdoria 43, Modena 10
3%
108 Italia 1955-1963 Eddie Firmani Sampdoria 52, Inter 48, Genoa 8
2%
105 Italia 1946-1959 Gino Armano Alessandria 8, Inter 72, Torino 25
2%
119 Italia 1953-1963 Gino Pivatelli Bologna 105, Napoli 3, Milan 11
2%
110 Italia 1939-1955 Giuseppe Baldini Fiorentina 8, Inter 6, Sampdoria 71, Genoa 6, Como 19
2%
110 Italia 1952-1963 Lorenzo Bettini Palermo 8, Roma 9, Udinese 67, Lazio 15, Inter 9, Modena 2
2%
123 Italia 1947-1959 Renzo Burini Milan 88, Lazio 35
2%
103 Brasile 1960-1978 Sergio Clerici Lecco 7, Bologna 19, Atalanta 9, Verona 18, Fiorentina 20, Napoli 19, Lazio 1
2%
Nessun quiz corrispondente trovato
Distribuzione punteggi
Percentuale di utenti per punteggio
Percentile per numero di risposta
I tuoi punteggi nel tempo
Non hai fatto questo quiz dall'ultimo reset